| 000 | 00682nam a2200193 a 4500 | ||
|---|---|---|---|
| 001 | 000043935 | ||
| 005 | 20201002045043.0 | ||
| 008 | 140509s1994 sp a 001 0 spa d | ||
| 020 | _a8478384189 | ||
| 040 |
_aDO-SdBNP _bspa _cBNPHU |
||
| 100 | 1 |
_aTorres, Augusto M. _970962 |
|
| 245 | 1 | 0 |
_aDiccionario de Directores de Cine. / _cAugusto M. Torres; prólogo Manuel Gutiérrez Aragón. |
| 260 |
_aMadrid, : _bAlianza Editorial _bEdiciones del Prado, _c1994. |
||
| 300 |
_a333 p. : _bil. ; _c22 cm. |
||
| 490 | 1 |
_aBiblioteca temática Alianza _v32 |
|
| 500 | _aIncluye índice | ||
| 700 | 1 | 2 |
_aGutiérrez Aragón, Manuel _eprol. _971868 |
| 830 | 0 |
_aBiblioteca temática Alianza _n32 _971869 |
|
| 999 |
_c43424 _d43424 |
||